Caricamento...

Gowell's hand book of classical literature /

Dettagli Bibliografici
Autore principale: Feder, Lillian
Natura: Printed Book
Lingua:English
Pubblicazione: New York : TGrowell Co., 1964.
LEADER 00494nam a2200145Ia 4500
008 150624b xxu||||| |||| 00| 0 eng d
999 |c 25207  |d 25207 
020 |a 0690225377 
082 |a 880.0202 
100 |a Feder, Lillian 
245 |a Gowell's hand book of classical literature /  |c Lillian Feder 
260 |a New York :  |b TGrowell Co.,  |c 1964. 
300 |a 448 p. 
942 |c REF 
952 |0 0  |1 0  |2 ddc  |4 0  |6 880_020200000000000_FED_C  |7 0  |9 25206  |a UL  |b UL  |c Ref2  |d 1998-09-01  |l 0  |o 880.0202 FED/C  |p 36562  |r 2012-10-27  |y REF